| 000 | 00549nam a2200145Ia 4500 | ||
|---|---|---|---|
| 008 | 250506s9999 xx 000 0 und d | ||
| 024 | _a16B-010-SE, 16B-040-SE & 16B-026-SE | ||
| 082 | _a004.352072 MAH | ||
| 100 | _aMahad Ahmed Khan, Nauman Ahmed & Muhammad Usman | ||
| 245 | 0 | _aAutomated Wheel Measurement System | |
| 260 |
_aKarachi: _bUIT, _c2016 |
||
| 600 | _aSoftware Engineering | ||
| 650 | _aBachelor of Computer Science (BS) | ||
| 856 |
_uhttps://drive.google.com/file/d/1yM58kUgOhtphs1Sa7e8WJwNazThuVB4l/view?usp=sharing _yClick here for PDF |
||
| 999 |
_c28921 _d28921 |
||